| 000 | 00548nam a2200145Ia 4500 | ||
|---|---|---|---|
| 008 | 100204s9999 xx 000 0 und d | ||
| 082 | _b6908 | ||
| 100 | _a"राष्ट्रीय चरित्रमाला, पुणे" | ||
| 245 | _aराजगोपालाचार्य | ||
| 260 |
_b"राष्ट्रीय चरित्रमाला , पुणे" _c1983' |
||
| 300 | _a56 | ||
| 630 | _aराजगोपालाचार्य | ||
| 730 | _aराजगोपालाचार्य | ||
| 942 | _cBOOK | ||
| 999 |
_c451346 _d451343 |
||